Čvirikance

Bibliographic Details
Main Author: Čápka, Ján, 1932- (Author)
Format: Book
Language:Slovak
PhysicalDescription:45 s. fareb. ilustr. 22 cm
Published: Žilina Artis omnis 2008
ISBN:9788089341016
Edition:[1. vyd.]
Series:JOJO
Subjects:

MARC

LEADER 00000nam a2200000 a 4500
001 vtls009331760
003 SK-MaSNL
005 20260301125615.0
008 240318s2008 xo a c 000 p slo
015 |a SNBA2008/09-04481 
020 |a 9788089341016  |q (viaz.) 
035 |a 23C74B9D-34E2-4233-811F-7A1BA6675B19 
035 |a urn:nbn:sk:snk-amk7v6 
035 |a urn:nbn:sk:snk-am008jnb 
040 |a SNK  |b slo  |c SNK  |e AACR2 
041 0 |a slo 
044 |a xo  |c SK 
072 7 |a 821.162.4-1  |x Slovenská poézia  |2 konspekt 
080 |a 821.162.4-1  |2 2001 
080 |a 821-93  |2 2001 
100 1 |a Čápka, Ján,  |d 1932-  |4 aut  |9 116764 
245 1 0 |a Čvirikance  |c Ján Čápka ; [ilustrovali deti zo ZUŠ v Trnave] 
250 |a [1. vyd.] 
260 |a Žilina  |b Artis omnis  |c 2008 
300 |a 45 s.  |b fareb. ilustr.  |c 22 cm 
490 1 |a JOJO 
655 7 |a slovenská poézia  |2 SNKPH  |9 70444 
655 7 |a publikácie pre deti  |2 SNKPH  |9 70148 
830 0 |a JOJO  |9 365368 
919 |a 978-80-89341-01-6 
958 |a LX 
958 |a DB 
968 |d 821 
999 |c 742939  |d 744869 
952 |a SNK  |b SNK  |y PREZ  |7 0  |p 17A0598564  |o snkSC 132913  |i snk2008/16739  |8 0  |0 0  |1 0  |4 0  |d 2008-09-09  |f 1  |l 0  |r 2025-06-24 00:00:00  |w 2026-02-23 
952 |a SNK  |b SNK  |y VYP  |7 0  |p 17A0598563  |o snkSC 132913 D1  |i snk2008/16740  |8 0  |0 0  |1 0  |4 0  |d 2008-09-09  |l 0  |r 2026-02-23 23:05:56  |w 2026-02-23